| 000 | 00611cam a22002051 4500 | ||
|---|---|---|---|
| 999 |
_c331707 _d331707 |
||
| 001 | 15719408 | ||
| 003 | NUST | ||
| 005 | 20171017105109.0 | ||
| 008 | 090430s1963 ne b 000 0 eng | ||
| 010 | _a 65008640 | ||
| 040 |
_aDLC _cDLC _dDLC |
||
| 050 | 0 | 0 |
_aDS432.P4 _bS58 |
| 082 |
_a954.912 _bSPA |
||
| 100 | 1 |
_aSpain, James W. _q(James William) _95485 |
|
| 245 | 1 | 4 |
_aThe Pathan borderland / _cby James W. Spain. |
| 260 |
_aThe Hague : _bMouton, _c1963. |
||
| 300 |
_a560 p. : _bmap ; _c25 cm. |
||
| 650 | 0 |
_aPushtuns. _93930 |
|
| 650 | 0 |
_aEastern question (Central Asia) _95486 |
|
| 880 |
_6100-01\(3\r _aJames W. Spain |
||
| 880 |
_6245-02\(3\r _aپشتونوں کی تاریخ _cترجمہ: انور رومان |
||
| 880 |
_6260-03\(3\r _aکوئٹہ: _bگوشہ ادب، _c1963 |
||
| 906 |
_a0 _bcbc _cpremunv _d3 _encip _f19 _gy-gencatlg |
||
| 942 |
_2ddc _cBK |
||